logo

Bir Sreshtho Munshi Abdur Rouf Library
Jhenaidah Cadet College

নবম জাতীয় সংসদ নির্বাচন ২০০৮ : (Record no. 10245)

MARC details
000 -LEADER
fixed length control field 00817nam a2200217 a 4500
003 - CONTROL NUMBER IDENTIFIER
JCCL marc code BD-JhCC
005 - DATE AND TIME OF LATEST TRANSACTION
control field 20180421184708.0
008 - FIXED-LENGTH DATA ELEMENTS--GENERAL INFORMATION
fixed length control field 180421s2012 bg a|||| |||| 000 0 ben d
020 ## - INTERNATIONAL STANDARD BOOK NUMBER
International Standard Book Number 9789848765913
035 ## - SYSTEM CONTROL NUMBER
system control number (BD-JhCC)
040 ## - CATALOGING SOURCE
Original cataloging agency BD-JhCC
Modifying agency BD-JhCC
041 ## - LANGUAGE CODE
Language code of Book ben
082 ## - DEWEY DECIMAL CLASSIFICATION NUMBER
Classification number 320
Author mark and Year BAN 2012
245 ## - TITLE STATEMENT
Title নবম জাতীয় সংসদ নির্বাচন ২০০৮ :
Remainder of title অংশগ্রহণকারী প্রার্থীদের তথ্যাবলি /
Statement of responsibility, etc ড. বদিউল আলম মজুমদার,
260 ## - PUBLICATION, DISTRIBUTION, ETC. (IMPRINT)
Place of publication, distribution, etc ঢাকা :
Name of publisher, distributor, etc প্রথমা প্রকাশন,
Date of publication, distribution, etc 2012.
300 ## - PHYSICAL DESCRIPTION
Pagination 700 P. :
Other physical details ill.;
Dimensions 26 cm.
650 ## - SUBJECT ADDED ENTRY--TOPICAL TERM
Topical term or geographic name as entry element Election
Geographic subdivision Bangladesh
700 ## - ADDED ENTRY--PERSONAL NAME
Personal name মজুমদার, বদিউল আলম
942 ## - ADDED ENTRY ELEMENTS (KOHA)
Source of classification or shelving scheme Dewey Decimal Classification
Koha item type Books
Holdings
Source of classification or shelving scheme Damaged status Not for loan Home library Current library Shelving location Date of accession Cost, normal purchase price Total Checkouts Full call number Barcode Date last seen Copy number Koha item type
Dewey Decimal Classification     JCC Rouf Library JCC Rouf Library General Stacks 04/21/2018 2500.00   320 BAN 2012 13497 04/21/2018 C-1 Books

JCC Library | Contacts | JCC Home

Last Update on 23 September 2017
Copyright @ 2017-2020 JCC Rouf Library
Rouf Library, Jhenidah Cadet College (JCC), Bangladesh